| 000 | 00656nam a2200229 u 4500 | ||
|---|---|---|---|
| 005 | 20240913063747.0 | ||
| 008 | 180618s1976 r 000 0 eng d | ||
| 020 | _a8429712143 | ||
| 035 | _aUPN01000225544 | ||
| 049 | _aCG | ||
| 050 | 4 |
_aHM621 _bS6.5 |
|
| 100 | 1 |
_aSolé i Puig, Carlota, _d1944- _941897 |
|
| 245 | 1 | 0 |
_aModernización : _bun análisis sociológico / _cCarlota Solé ; pref. de A.D. Smith. |
| 260 |
_aBarcelona, Esp. : _bPenínsula, _c1976. |
||
| 300 | _a251 p. | ||
| 440 | 0 |
_aHomo sociologicus ; _v12 |
|
| 650 | 2 |
_aModernidad _9514 |
|
| 650 | 4 |
_aCultura _97095 |
|
| 650 | 4 |
_aPROGRESO _917897 |
|
| 905 | _aLibro | ||
| 999 |
_c197640 _d197640 |
||